01350nab a22002657a 4500999001500000003000400015005001700019008004100036040000700077100002800084245009500112260007300207300001300280500002800293505031700321505008200638650002300720650004000743650004900783650003200832650002800864700002400892773015500916942001301071 c5587d5587OSt20251219115816.0190429b xxu||||| |||| 00| 0 spa d cPJ 96562aCastex, Francisco10aCompliance, malas prácticas laborales y derecho penal /cFrancisco Castex, Melina Longo. cCiudad Autónoma de Buenos Aires :aThomson Reuters La Ley, b2025. ap. 31-41 aCita: AR/DOC/1339/2025. aSumario: I. Introducción: estadísticas y normativa.— II. Implementación de buenas prácticas. Protocolos de actuación.— III. Consecuencias de no intervenir activamente frente a la violencia laboral.— IV. Repercusión en reputación de las instituciones públicas y privadas.— V. Conclusiones. tSi te interesa el texto completo, solicitalo a koha@justierradelfuego.gov.ar  09343aDERECHO PENAL 096564aRESPONSABILIDAD DEL EMPLEADOR 094925aORGANIZACION INTERNACIONAL DEL TRABAJO 093053aVIOLENCIA DE GÉNERO 095130aVIOLENCIA LABORAL 96563aLongo, Melina0 0265893164tRevista de derecho penal y criminología. Nº 6 - Julio 2025dCiudad Autónoma de Buenos Aires : Thomson Reuters La Ley, 2017-x00347914 2udccANA